000 01228cam a22003017a 4500
005 20260322212014.0
008 data
010 _a 2011925586
020 _a9781450825337
020 _a1450825338
040 _aEYP
_cEYP
_dDLC
042 _alccopycat
050 0 0 _aTL15
_b.M828 2011
092 _a629.22 Mus 2011
245 1 0 _aMuscle car chronicle /
_cConsumer Guide (Firm).
260 _aLincolnwood, Ill. :
_bPublications International,
_cc2011.
300 _a368 p. :
_bcol. ill. ;
_c31 cm.
500 _aIncludes index.
520 _aDetails the history of America's performance cars, from the 1949 Olds Rocket 88, to the '69 Dodge Charger, to the 2012 Ford Mustang Boss 302, with hundreds of color photos --
_cSource other than Library of Congress.
650 0 _aMuscle cars
_vPictorial works.
_zUnited States
650 0 _aMuscle cars
_xHistory
_vChronology.
_zUnited States
720 2 _aConsumer Guide (Firm)
906 _a7
_bcbc
_ccopycat
_d2
_eepcn
_f20
_gy-gencatlg
925 0 _aacquire
_b2 shelf copies
_xpolicy default
955 _trl09 2013-08-29 c. 2 added ; to CALM
001 data
999 _c310
_d310